Culture Générale - Série 338 - Statistiques

Statistiques générales
  • Ce quiz a été pris 304 fois
  • Le résultat moyen est 7 sur 10
Statistiques - réponses
Question Réponse % Correct
Avec le lait de quel animal est fabriqué le fromage "'ossau-iraty" ? La Brebis
92%
Quel animal est "Crin-Blanc" dans le film de 1952 ? Un cheval
86%
De quel pays d'Amérique du Sud Astor Piazzolla était-il originaire ? L'Argentine
80%
Selon l'expression, quel mot dit-on après "A bon entendeur" ? Salut
78%
Au black-jack, quel total de points ne faut-il surtout pas dépasser ? 21
70%
Quel est le prénom du peintre Matisse ? Henri
70%
Quel dieu grec correspond au Neptune des Romains ? Poséidon
69%
Quel est le prénom de la fille de Claude Nougaro d'après son tube de 1963 ? Cécile
49%
Qui incarne monsieur Arnaud dans un film de Claude Sautet en 1995 ? Michel Serrault
35%
Sous quel surnom connaît-on mieux Elisabeth de Wittelsbach ? Sissi
34%
Aucun quiz correspondant
Distribution des résultats
% des personnes avec chaque résultat
Percentile par nombre de réponses
Votre historique - résultats
Vous n’avez pas pris ce quiz